| 000 | 02438cam a22003014a 4500 | ||
|---|---|---|---|
| 001 | 15992317 | ||
| 003 | OSt | ||
| 005 | 20240826133725.0 | ||
| 008 | 091121s2005 moua b 001 0 eng | ||
| 010 | _a 2009497304 | ||
| 020 | _a9780323025867 | ||
| 020 | _a0323025862 | ||
| 040 |
_aDLC _cDLC |
||
| 042 | _apcc | ||
| 050 | 0 | 0 | _aRT41.P84 |
| 100 | 1 |
_aPotter, Patricia Ann. _9109 |
|
| 245 | 1 | 0 |
_aFundamentals of nursing. / _cPatricia A. Potter, Anne Griffin Perry. |
| 250 | _a6th ed. | ||
| 260 |
_aSt. Louis, Mo.: _bMosby, _c2005. |
||
| 300 |
_axliii, 1728 p. : _bcol. ill. ; _c29 cm. + |
||
| 504 | _aIncludes bibliographical references and index. | ||
| 505 | _aContents: 1. The client and the health care environment: Nursing today -- Health care delivery system -- Community-based nursing practice -- Theoretical foundations of nursing practice -- Nursing research as a basis for practice -- 2. Caring throughout life span: Health and wellness -- Caring in nursing practice -- Culture and ethnicity -- Caring for families -- Developmental theories -- Conception through adolescence -- Young to middle adult -- older adult -- 3. Critical thinking in nursing practice: Critical thinking in nursing practice -- Nursing assessment -- Nursing diagnosis -- Planning nursing care -- Implementing nursing care -- Evaluation -- Managing client care -- 4. Professional standards in nursing practice: Ethics and values -- Legal implications in nursing practice -- Communication -- Client education -- Documentation -- 5. Psychosocial basis for nursing practice: Self-concept -- Sexuality -- Spiritual health -- The Experience of loss, death and grief -- Stress and coping -- 6. Scientific basis for nursing practice: Vital signs -- Health assessment and physical examination -- Infection control -- Medication administration -- Complementary and alternative therapies -- 7. Basic human needs: Activity and exercise -- Client safety -- Hygiene -- Oxygenation -- Fluid, electrolyte and acid-base balances -- Sleep -- Comfort -- Nutrition -- Urinary elimination -- Bowel elimination -- 8. Clients with special needs: Mobility and immobility -- Skin integrity and wound care -- Sensory alteration -- Care of surgical clients -- | ||
| 650 | 0 |
_aNursing. _9102 |
|
| 700 | 1 |
_aPerry, Anne Griffin. _9110 |
|
| 906 |
_a7 _bcbc _corigcop _d2 _eocip _f20 _gy-gencatlg |
||
| 942 |
_2lcc _cBK |
||
| 999 |
_c7965 _d15465 |
||